000 00407nam a22001697a 4500
005 20160916113911.0
008 160916b xxu||||| |||| 00| 0 eng d
020 _a81-85240-08-6
041 _aeng
100 _aJAI KRISHNA AND O.P JAIN
_93580
245 _aPLAIN AND RAINFORCED CONCRETE
260 _bNEMCHAND
_c1988
300 _a694
490 _aVOLUME 1
650 _aENGINEERING
_93581
942 _cBK
999 _c5257
_d5255